The jungle challenge / Bear Grylls ; illustrated by Emma McCann.
"Omar wants to win--he's determined to be the fastest and the best at everything. Even if that means upsetting people slower than him. Then a strange compass gets him lost in a thick tropical rain forest, face-to-face with deadly spiders, poisonous snakes--and Bear Grylls. Together, they must find a way through the dangerous undergrowth and cross crock-infested waters ... Can Omar slow down, take it steady and learn the jungle law?"--Page [4] cover.
Record details
- ISBN: 9781610677684
- ISBN: 1610677684
- ISBN: 9781610677899
- ISBN: 1610677897
- ISBN: 9781684640430
- ISBN: 1684640431
- ISBN: 9781684641161
- ISBN: 1684641160
- Physical Description: 117 pages : illustrations ; 20 cm.
- Edition: First American edition.
- Publisher: Tulsa, Oklahoma : Kane Miller, a division of EDC Publishing, 2017.
- Copyright: ©2017
Content descriptions
| General Note: | "First published in Great Britain by Bear Grylls in 2017"--Title page verso. |
Search for related items by subject
| Genre: | Action and adventure fiction. Junior. Action and adventure fiction. Fiction. Juvenile works. Juvenile works. |
Search for related items by series
Available copies
- 1 of 1 copy available at scottsboropl.
Holds
- 0 current holds with 1 total copy.
Show Only Available Copies
| Location | Call Number / Copy Notes | Barcode | Shelving Location | Status | Due Date |
|---|---|---|---|---|---|
| scottsboropl | JF Gry | 32269001199010 | Juvenile - Fiction | Available | - |
| LDR | 02835cam a2200661 i 4500 | ||
|---|---|---|---|
| 001 | 156684 | ||
| 003 | SBPL | ||
| 005 | 20211012150523.0 | ||
| 008 | 170620t20172017okua j 000 1 eng d | ||
| 010 | . | ‡a 2017946253 | |
| 040 | . | ‡aTDS ‡beng ‡erda ‡cDLC ‡dOCLCF ‡dKVIJL ‡dCD5 ‡dSSH ‡dISQ ‡dIB8 ‡dKK2 ‡dTME ‡dTDS ‡dIHX ‡dAP7 ‡dMLM ‡dXOL ‡dOCLCO ‡dJSZ ‡dOCLCO ‡dIHX ‡dJCH ‡dOCLCO ‡dZGY ‡dOCLCO | |
| 019 | . | ‡a1242943722 | |
| 020 | . | ‡a9781610677684 ‡q(paperback) | |
| 020 | . | ‡a1610677684 ‡q(paperback) | |
| 020 | . | ‡a9781610677899 | |
| 020 | . | ‡a1610677897 | |
| 020 | . | ‡a9781684640430 | |
| 020 | . | ‡a1684640431 | |
| 020 | . | ‡a9781684641161 | |
| 020 | . | ‡a1684641160 | |
| 035 | . | ‡a(OCoLC)1009680438 ‡z(OCoLC)1242943722 | |
| 042 | . | ‡alccopycat | |
| 050 | 0 | 0. | ‡aPZ7.G934127 ‡bJu 2017 |
| 082 | 0 | 4. | ‡a[Fic] ‡223 |
| 100 | 1 | . | ‡aGrylls, Bear, ‡eauthor. |
| 245 | 1 | 4. | ‡aThe jungle challenge / ‡cBear Grylls ; illustrated by Emma McCann. |
| 250 | . | ‡aFirst American edition. | |
| 264 | 1. | ‡aTulsa, Oklahoma : ‡bKane Miller, a division of EDC Publishing, ‡c2017. | |
| 264 | 4. | ‡c©2017 | |
| 300 | . | ‡a117 pages : ‡billustrations ; ‡c20 cm. | |
| 336 | . | ‡atext ‡btxt ‡2rdacontent | |
| 336 | . | ‡astill image ‡bsti ‡2rdacontent | |
| 337 | . | ‡aunmediated ‡bn ‡2rdamedia | |
| 338 | . | ‡avolume ‡bnc ‡2rdacarrier | |
| 380 | . | ‡aFiction ‡2marcgt | |
| 490 | 1 | . | ‡aBear Grylls Adventures ; ‡v3 |
| 500 | . | ‡a"First published in Great Britain by Bear Grylls in 2017"--Title page verso. | |
| 520 | . | ‡a"Omar wants to win--he's determined to be the fastest and the best at everything. Even if that means upsetting people slower than him. Then a strange compass gets him lost in a thick tropical rain forest, face-to-face with deadly spiders, poisonous snakes--and Bear Grylls. Together, they must find a way through the dangerous undergrowth and cross crock-infested waters ... Can Omar slow down, take it steady and learn the jungle law?"--Page [4] cover. | |
| 650 | 0. | ‡aJungles ‡vJuvenile fiction. | |
| 650 | 0. | ‡aRain forests ‡vJuvenile fiction. | |
| 650 | 0. | ‡aSurvival ‡vJuvenile fiction. | |
| 650 | 0. | ‡aAdventure stories. | |
| 650 | 1. | ‡aJungles ‡vJuvenile fiction. | |
| 650 | 1. | ‡aSurvival ‡vJuvenile fiction. | |
| 650 | 7. | ‡aAdventure stories. ‡2fast ‡0(OCoLC)fst00797462 | |
| 650 | 7. | ‡aJungles. ‡2fast ‡0(OCoLC)fst00984876 | |
| 650 | 7. | ‡aRain forests. ‡2fast ‡0(OCoLC)fst01089466 | |
| 650 | 7. | ‡aSurvival. ‡2fast ‡0(OCoLC)fst01761768 | |
| 655 | 7. | ‡aAction and adventure fiction. ‡2lcgft | |
| 655 | 4. | ‡aJunior. | |
| 655 | 7. | ‡aAction and adventure fiction. ‡2fast ‡0(OCoLC)fst01921574 | |
| 655 | 7. | ‡aFiction. ‡2fast ‡0(OCoLC)fst01423787 | |
| 655 | 7. | ‡aJuvenile works. ‡2fast ‡0(OCoLC)fst01411637 | |
| 655 | 7. | ‡aJuvenile works. ‡2lcgft | |
| 700 | 1 | . | ‡aMcCann, Emma, ‡eillustrator. |
| 800 | 1 | . | ‡aGrylls, Bear. ‡tBear Grylls adventures ; ‡v3. |
| 994 | . | ‡aZ0 ‡bMWL | |
| 948 | . | ‡hNO HOLDINGS IN MWL - 116 OTHER HOLDINGS | |
| 901 | . | ‡a156684 ‡b ‡c156684 ‡tbiblio | |